Представление документа в формате RUSMARC

Поле Инд. ПП Название Значение
Тип записи a
Библиографический уровень a
001 Контрольный номер 1d3be2a3d7b54dd9af46e50c9d57cf27
005 Дата корректировки 20231127143804.6
100 a Данные общей обработки 20210601 ||| 0rusy0189 ca
101 0_ a Язык текста rus
102 a Страна публикации RU
200 1_ a Заглавие Правовое обеспечение предоставления медицинских услуг
203 a Вид содержания Текст
c Тип средства электронный
300 a Общие примечания Чтение статьи доступно в Источнике
336 a Примечание о виде электронного ресурса PDF
461 _0 1 2000
a Российское правосудие
463 _0 1 2000
a № 6
b Текст
v С. 23-27
1 2101
d 2008
1 001a4b738ec84494a26973fb069f124b69a
606 a Основная рубрика Право. Юридические науки
x Основная подрубрика Гражданское процессуальное право
x Основная подрубрика Гражданский процесс
610 0_ a Ключевые слова МЕДИЦИНА И ПРАВО
a Ключевые слова УСЛУГИ
a Ключевые слова ДОГОВОР
a Ключевые слова СТРАХОВАНИЕ МЕДИЦИНСКОЕ
a Ключевые слова ОБЯЗАТЕЛЬСТВЕННОЕ ПРАВО
700 _1 a Фамилия Михайлова
b Имя Х. Л.
g Полное личное имя Христина Леонидовна
801 _0 a Страна RU
b Организация РГУП
c Дата составления 20210601
g Правила каталогизации PSBO
801 _1 a Страна RU
b Организация РГУП
c Дата составления 20210601
g Правила каталогизации PSBO
901 t Тип документа b
w Контрольный № источника a4b738ec84494a26973fb069f124b69a
905 a Дата ввода 20210601